| 000 | 00814nam0a22002411 4500 | ||
|---|---|---|---|
| 001 | rc\2910644 | ||
| 005 | 20250529222415.0 | ||
| 035 | _a(NLR Aleph) 007061381 | ||
| 090 |
_a6288838 _c6288838 |
||
| 100 | _a20110806d1939 |||y0rusy50 ca | ||
| 101 | 0 | _arus | |
| 102 | _aRU | ||
| 105 | _aa z ||||| | ||
| 200 | 1 |
_aГрафитовые месторождения Украинской ССР _fИ.В. Дубына _gНКТП. Геол. упр. УССР |
|
| 210 |
_aХарьков _cизд-во и типо-цинкография Гос. науч.-техн. изд-ва _d1939 |
||
| 215 |
_a208 с. _cил. _d22 см |
||
| 320 | _a"Литература" (с. 204-208) | ||
| 700 | 1 |
_aДубына _bИ.В. |
|
| 801 | 0 |
_aRU _bNLR _gpsbo |
|
| 801 | 1 |
_aRU _bELAR _2rusmarc |
|
| 852 |
_aNLR _j39-4/893 |
||
| 942 | _cBOOK | ||
| 980 | _aNB | ||